Score 0/9 Timer 02:00
0 Plays Today
Novel(s) Author % Correct
1984
Animal Farm
George Orwell
96.9%
Lolita
Pale Fire
Vladimir Nabokov
69.9%
To the LighthouseVirginia Woolf
64.7%
A Passage to India
Howards End
A Room with a View
E.M. Forster
56.8%
Invisible ManRalph Ellison
54.7%
Go Tell It on the MountainJames Baldwin
37.2%
Native SonRichard Wright
33.4%
I, ClaudiusRobert Graves
31.4%
Sophie's ChoiceWilliam Styron
25.4%
Remove Ads.
Support Sporcle.
Get the best of Sporcle when you Go Orange. This ad-free experience offers more features, more stats, and more fun while also helping to support Sporcle. Thank you for becoming a member.

You're not logged in!

Compare scores with friends on all Sporcle quizzes.
OR
Log In

Show Comments

Extras

Top Quizzes Today


Score Distribution

Your Account Isn't Verified!

In order to create a playlist on Sporcle, you need to verify the email address you used during registration. Go to your Sporcle Settings to finish the process.

Report this User

Report this user for behavior that violates our Community Guidelines.

Details: